Statistics for Asian countries that begin with a vowel

Click here to take the quiz!

General Stats

  • This quiz has been taken 62 times
  • The average score is 10 of 11

Answer Stats

Answer% Correct
Afghanistan
91%
India
91%
Oman
91%
Azerbaijan
88%
Iran
88%
Iraq
88%
Indonesia
86%
Israel
86%
Armenia
84%
United Arab Emirates
81%
Uzbekistan
79%

Score Distribution

Percentile by Number Answered

Percent of People with Each Score

Your Score History

You have not taken this quiz